[Event "WCO 2016"]
[Site "?"]
[Date "2016.09.11"]
[Round "9"]
[Board "11"]
[WhiteID "12521604"]
[White "Lorparizangeneh Shahin"]
[BlackID "404853"]
[Black "McShane Luke J"]
[Result "1-0"]
[BlackElo "2671"]
[WhiteElo "2478"]
[LiveChessVersion "1.4.8"]

1. d4 {[%clk 1:30:50]} d5 {[%clk 1:30:50]} 2. c4 {[%clk 1:31:09]} c6
{[%clk 1:31:16]} 3. Nf3 {[%clk 1:30:40]} Nf6 {[%clk 1:31:39]} 4. g3
{[%clk 1:31:06]} Bf5 {[%clk 1:31:36]} 5. Nc3 {[%clk 1:29:52]} e6 {[%clk 1:31:19]}
6. Nh4 {[%clk 1:30:12]} Bg4 {[%clk 1:08:28]} 7. f3 {[%clk 1:20:10]} Bh5
{[%clk 1:06:41]} 8. Qb3 {[%clk 1:20:26]} Qb6 {[%clk 1:00:43]} 9. c5
{[%clk 1:18:28]} Qc7 {[%clk 1:00:16]} 10. Bf4 {[%clk 1:10:17]} Qc8
{[%clk 1:00:33]} 11. g4 {[%clk 1:03:14]} Bg6 {[%clk 0:59:36]} 12. e4
{[%clk 1:02:53]} Be7 {[%clk 0:58:28]} 13. g5 {[%clk 1:01:27]} Nfd7
{[%clk 0:53:13]} 14. exd5 {[%clk 0:54:31]} exd5 {[%clk 0:45:24]} 15. Bh3
{[%clk 0:46:39]} O-O {[%clk 0:43:27]} 16. O-O {[%clk 0:45:59]} Rd8
{[%clk 0:14:59]} 17. Qd1 {[%clk 0:40:55]} Na6 {[%clk 0:11:45]} 18. Rc1
{[%clk 0:39:13]} Re8 {[%clk 0:08:30]} 19. Bd2 {[%clk 0:34:06]} Qd8
{[%clk 0:03:11]} 20. f4 {[%clk 0:25:04]} Bd3 {[%clk 0:03:36]} 21. Re1
{[%clk 0:21:28]} Nc7 {[%clk 0:02:52]} 22. Qg4 {[%clk 0:19:48]} Nf8
{[%clk 0:02:36]} 23. f5 {[%clk 0:20:02]} f6 {[%clk 0:02:22]} 24. g6
{[%clk 0:19:44]} b6 {[%clk 0:02:03]} 25. Re3 {[%clk 0:16:34]} Ba6
{[%clk 0:02:16]} 26. gxh7+ {[%clk 0:14:06]} Nxh7 {[%clk 0:02:40]} 27. b4
{[%clk 0:12:30]} bxc5 {[%clk 0:02:59]} 28. bxc5 {[%clk 0:12:58]} Rb8
{[%clk 0:02:20]} 29. Ng6 {[%clk 0:12:22]} Rb2 {[%clk 0:01:41]} 30. Nxe7+
{[%clk 0:05:36]} Rxe7 {[%clk 0:02:07]} 31. Rxe7 {[%clk 0:06:01]} Qxe7
{[%clk 0:02:33]} 32. Re1 {[%clk 0:06:27]} Qf7 {[%clk 0:01:31]} 33. Bf4
{[%clk 0:06:34]} Rb7 {[%clk 0:00:55]} 34. Qg3 {[%clk 0:06:04]} Nb5
{[%clk 0:00:59]} 35. Bf1 {[%clk 0:05:44]} Nc7 {[%clk 0:00:38]} 36. Bxc7
{[%clk 0:04:33]} Bxf1 {[%clk 0:01:00]} 37. Bd6 {[%clk 0:04:57]} Ba6
{[%clk 0:00:58]} 38. Qg6 {[%clk 0:05:17]} Nf8 {[%clk 0:00:35]} 39. Re8
{[%clk 0:05:25]} Re7 {[%clk 0:00:39]} 40. Bxe7 {[%clk 0:35:32]} 1-0

[Event "WCO 2016"]
[Site "?"]
[Date "2016.09.11"]
[Round "9"]
[Board "12"]
[WhiteID "409561"]
[White "Jones Gawain C B"]
[BlackID "12573981"]
[Black "Firouzja Alireza"]
[Result "1-0"]
[BlackElo "2463"]
[WhiteElo "2635"]
[LiveChessVersion "1.4.8"]

1. e4 {[%clk 1:30:50]} c5 {[%clk 1:30:31]} 2. Nc3 {[%clk 1:31:07]} a6
{[%clk 1:30:00]} 3. g3 {[%clk 1:31:27]} b5 {[%clk 1:29:46]} 4. Bg2
{[%clk 1:31:38]} Bb7 {[%clk 1:30:06]} 5. Nge2 {[%clk 1:32:00]} e6
{[%clk 1:21:10]} 6. O-O {[%clk 1:29:35]} Nf6 {[%clk 1:15:26]} 7. d4
{[%clk 1:28:51]} cxd4 {[%clk 1:02:34]} 8. Nxd4 {[%clk 1:28:54]} b4
{[%clk 0:59:11]} 9. Na4 {[%clk 1:29:08]} Bxe4 {[%clk 0:57:59]} 10. Bxe4
{[%clk 1:27:12]} Nxe4 {[%clk 0:58:25]} 11. Re1 {[%clk 1:27:28]} d5
{[%clk 0:57:06]} 12. c4 {[%clk 1:27:17]} bxc3 {[%clk 0:39:06]} 13. Nxc3
{[%clk 1:27:29]} Be7 {[%clk 0:37:42]} 14. Nxe4 {[%clk 1:27:08]} dxe4
{[%clk 0:38:05]} 15. Rxe4 {[%clk 1:27:18]} O-O {[%clk 0:38:27]} 16. Qb3
{[%clk 1:26:20]} Bf6 {[%clk 0:36:44]} 17. Be3 {[%clk 1:25:18]} Qd5
{[%clk 0:32:17]} 18. Qxd5 {[%clk 1:20:35]} exd5 {[%clk 0:32:37]} 19. Rf4
{[%clk 1:20:53]} Nd7 {[%clk 0:27:28]} 20. Rf5 {[%clk 1:11:03]} Ne5
{[%clk 0:26:21]} 21. Rd1 {[%clk 1:09:57]} Rfe8 {[%clk 0:24:24]} 22. b3
{[%clk 1:04:19]} Rac8 {[%clk 0:23:45]} 23. h3 {[%clk 1:01:16]} Rc3
{[%clk 0:21:41]} 24. Rd2 {[%clk 0:57:45]} Rd8 {[%clk 0:17:11]} 25. Kg2
{[%clk 0:54:50]} Rd3 {[%clk 0:09:42]} 26. Rc2 {[%clk 0:50:21]} Rd1
{[%clk 0:09:17]} 27. Rxe5 {[%clk 0:46:45]} Bxe5 {[%clk 0:09:36]} 28. Nc6
{[%clk 0:47:11]} Re8 {[%clk 0:08:44]} 29. Nxe5 {[%clk 0:47:27]} d4
{[%clk 0:09:11]} 30. Bd2 {[%clk 0:47:22]} f6 {[%clk 0:04:02]} 31. Nf3
{[%clk 0:45:06]} Re2 {[%clk 0:04:15]} 32. a4 {[%clk 0:44:08]} d3 {[%clk 0:04:01]}
33. Rc8+ {[%clk 0:42:40]} Kf7 {[%clk 0:04:30]} 34. Be3 {[%clk 0:41:21]} Rc2
{[%clk 0:03:31]} 35. Ra8 {[%clk 0:38:09]} Rb2 {[%clk 0:03:19]} 36. Ra7+
{[%clk 0:36:23]} Kg8 {[%clk 0:03:42]} 37. Rxa6 {[%clk 0:34:59]} Rxb3
{[%clk 0:04:11]} 38. a5 {[%clk 0:35:04]} Ra3 {[%clk 0:04:28]} 39. Ra8+
{[%clk 0:33:47]} Kf7 {[%clk 0:04:54]} 40. Ra7+ {[%clk 1:04:02]} Kg8
{[%clk 0:35:14]} 41. a6 {[%clk 1:03:46]} d2 {[%clk 0:35:07]} 42. Bxd2
{[%clk 0:58:22]} Rda1 {[%clk 0:35:17]} 43. Ra8+ {[%clk 0:57:56]} Kf7
{[%clk 0:35:34]} 44. Bb4 {[%clk 0:57:05]} Rxa6 {[%clk 0:34:15]} 45. Rf8+
{[%clk 0:57:28]} Ke6 {[%clk 0:34:19]} 46. Nd4+ {[%clk 0:54:54]} Kd5
{[%clk 0:33:55]} 47. Rd8+ {[%clk 0:45:03]} Kc4 {[%clk 0:30:48]} 48. Nc2
{[%clk 0:43:17]} R1a2 {[%clk 0:23:06]} 49. Rc8+ {[%clk 0:42:52]} Kd3
{[%clk 0:22:58]} 50. Ne3 {[%clk 0:36:50]} Ra8 {[%clk 0:21:34]} 51. Rc1
{[%clk 0:31:25]} Rb8 {[%clk 0:15:21]} 52. Rd1+ {[%clk 0:26:38]} Ke4
{[%clk 0:11:38]} 53. Bc3 {[%clk 0:24:58]} Ra4 {[%clk 0:11:46]} 54. Rd7
{[%clk 0:25:01]} Rg8 {[%clk 0:09:53]} 55. g4 {[%clk 0:21:03]} Rc8
{[%clk 0:09:20]} 56. Nd5 {[%clk 0:19:41]} 1-0

[Event "WCO 2016"]
[Site "?"]
[Date "2016.09.11"]
[Round "9"]
[Board "13"]
[WhiteID "13401319"]
[White "Mamedyarov Shakhriyar"]
[BlackID "14109603"]
[Black "Karjakin Sergey"]
[Result "1/2-1/2"]
[BlackElo "2769"]
[WhiteElo "2761"]
[LiveChessVersion "1.4.8"]

1. d4 {[%clk 1:30:57]} Nf6 {[%clk 1:30:54]} 2. c4 {[%clk 1:31:24]} e6
{[%clk 1:31:19]} 3. Nf3 {[%clk 1:31:48]} d5 {[%clk 1:30:54]} 4. Nc3
{[%clk 1:32:11]} c5 {[%clk 1:31:04]} 5. cxd5 {[%clk 1:32:32]} cxd4
{[%clk 1:31:29]} 6. Qxd4 {[%clk 1:27:11]} exd5 {[%clk 1:31:46]} 7. e4
{[%clk 1:24:44]} Nc6 {[%clk 1:31:51]} 8. Bb5 {[%clk 1:25:11]} dxe4
{[%clk 1:32:12]} 9. Qxd8+ {[%clk 1:25:36]} Kxd8 {[%clk 1:32:35]} 10. Ng5
{[%clk 1:26:00]} Be6 {[%clk 1:32:55]} 11. O-O {[%clk 1:19:23]} Bb4
{[%clk 1:33:11]} 12. Ncxe4 {[%clk 1:19:45]} Nxe4 {[%clk 1:33:35]} 13. Nxe4
{[%clk 1:20:12]} Ke7 {[%clk 1:33:59]} 14. Be3 {[%clk 1:19:55]} Rhd8
{[%clk 1:31:24]} 15. Bxc6 {[%clk 1:15:04]} bxc6 {[%clk 1:31:46]} 16. Rfc1
{[%clk 1:15:19]} Bd5 {[%clk 1:29:07]} 17. Bc5+ {[%clk 1:15:13]} Bxc5
{[%clk 1:29:23]} 18. Nxc5 {[%clk 1:15:40]} Rab8 {[%clk 1:22:46]} 19. Rc2
{[%clk 1:08:53]} g5 {[%clk 1:10:34]} 20. f3 {[%clk 1:08:29]} h5 {[%clk 1:10:24]}
21. Re1+ {[%clk 1:01:58]} Kf6 {[%clk 1:10:38]} 22. b3 {[%clk 1:00:19]} h4
{[%clk 1:10:44]} 23. Kf2 {[%clk 0:56:41]} Rb4 {[%clk 1:03:51]} 24. Rd2
{[%clk 0:53:37]} a5 {[%clk 0:48:28]} 25. h3 {[%clk 0:44:35]} Ra8 {[%clk 0:44:42]}
26. Re3 {[%clk 0:41:44]} Rb5 {[%clk 0:41:28]} 27. Na4 {[%clk 0:41:17]} Rb7
{[%clk 0:41:40]} 28. Nc3 {[%clk 0:40:57]} Rd8 {[%clk 0:39:33]} 29. Re4
{[%clk 0:39:09]} Rb4 {[%clk 0:35:13]} 30. Rc4 {[%clk 0:39:03]} Bxc4
{[%clk 0:10:55]} 31. Rxd8 {[%clk 0:39:24]} Bb5 {[%clk 0:11:21]} 32. Ra8
{[%clk 0:28:29]} a4 {[%clk 0:11:16]} 33. Nxa4 {[%clk 0:28:51]} Bxa4
{[%clk 0:07:40]} 34. Rxa4 {[%clk 0:29:17]} c5 {[%clk 0:05:01]} 35. Ra5
{[%clk 0:28:07]} Rd4 {[%clk 0:05:20]} 36. Ke3 {[%clk 0:28:23]} Rd5
{[%clk 0:05:47]} 37. Ra4 {[%clk 0:26:56]} Ke6 {[%clk 0:05:19]} 38. f4
{[%clk 0:26:40]} f6 {[%clk 0:05:35]} 39. Rc4 {[%clk 0:22:26]} Kd6
{[%clk 0:04:21]} 40. Ke2 {[%clk 0:52:40]} Rf5 {[%clk 0:34:14]} 41. a4 gxf4
{[%clk 0:31:37]} 42. Kf2 {[%clk 0:47:31]} Rd5 {[%clk 0:24:32]} 43. Rxf4
{[%clk 0:47:09]} Rd2+ {[%clk 0:24:35]} 44. Kg1 {[%clk 0:46:39]} Rd1+
{[%clk 0:23:30]} 45. Rf1 {[%clk 0:45:34]} Rd3 {[%clk 0:23:42]} 46. Rxf6+
{[%clk 0:45:54]} Ke5 {[%clk 0:24:09]} 47. Rf3 {[%clk 0:43:54]} Rd1+
{[%clk 0:23:35]} 48. Kh2 {[%clk 0:44:03]} Rb1 {[%clk 0:23:39]} 49. Rc3
{[%clk 0:32:53]} Kd5 {[%clk 0:23:09]} 50. a5 {[%clk 0:20:12]} Ra1
{[%clk 0:22:59]} 51. g3 {[%clk 0:14:13]} Ra2+ {[%clk 0:22:43]} 52. Kg1
{[%clk 0:12:27]} hxg3 {[%clk 0:22:58]} 53. Rxg3 {[%clk 0:10:20]} Rxa5
{[%clk 0:23:23]} 54. h4 {[%clk 0:09:46]} Ke4 {[%clk 0:20:42]} 55. Kg2
{[%clk 0:08:04]} Kf4 {[%clk 0:18:52]} 56. Kh3 {[%clk 0:04:53]} Ra1
{[%clk 0:13:54]} 57. Rc3 {[%clk 0:05:12]} Rb1 {[%clk 0:13:41]} 58. Kg2
{[%clk 0:01:11]} Rb2+ {[%clk 0:14:07]} 59. Kf1 {[%clk 0:01:39]} Kg4
{[%clk 0:13:42]} 60. Ke1 {[%clk 0:02:06]} Kxh4 {[%clk 0:14:05]} 61. Kd1
{[%clk 0:02:35]} Kg5 {[%clk 0:13:28]} 62. Kc1 {[%clk 0:02:58]} Rh2
{[%clk 0:13:54]} 63. Rxc5+ {[%clk 0:02:47]} Kf6 {[%clk 0:14:13]} 64. Rc2
{[%clk 0:02:42]} Rh3 {[%clk 0:14:14]} 65. Kb2 {[%clk 0:02:49]} Ke5
{[%clk 0:14:38]} 66. Rd2 {[%clk 0:01:52]} Rh8 {[%clk 0:15:01]} 67. b4
{[%clk 0:01:59]} Rh3 {[%clk 0:15:14]} 68. b5 {[%clk 0:02:13]} Ke6
{[%clk 0:15:33]} 69. b6 {[%clk 0:01:11]} Rh5 {[%clk 0:15:39]} 70. Rd3
{[%clk 0:01:14]} Rb5+ {[%clk 0:15:48]} 71. Rb3 {[%clk 0:01:42]} Rxb3+
{[%clk 0:16:13]} 72. Kxb3 {[%clk 0:02:10]} Kd6 {[%clk 0:16:37]} 73. Kb4
{[%clk 0:02:38]} Kc6 {[%clk 0:17:01]} 74. b7 {[%clk 0:03:05]} Kxb7 1/2-1/2

[Event "WCO 2016"]
[Site "?"]
[Date "2016.09.11"]
[Round "9"]
[Board "14"]
[WhiteID "4101588"]
[White "Kramnik Vladimir"]
[BlackID "13400924"]
[Black "Radjabov Teimour"]
[Result "1-0"]
[BlackElo "2722"]
[WhiteElo "2808"]
[LiveChessVersion "1.4.8"]

1. e4 {[%clk 1:30:58]} e5 {[%clk 1:30:00]} 2. Nf3 {[%clk 1:31:22]} Nc6
{[%clk 1:30:28]} 3. Bc4 {[%clk 1:31:39]} Bc5 {[%clk 1:29:13]} 4. O-O
{[%clk 1:31:40]} Nf6 {[%clk 1:29:05]} 5. d3 {[%clk 1:32:04]} d6 {[%clk 1:27:04]}
6. c3 {[%clk 1:32:21]} a6 {[%clk 1:27:32]} 7. Re1 {[%clk 1:31:30]} Ba7
{[%clk 1:22:28]} 8. a4 {[%clk 1:31:26]} O-O {[%clk 1:21:16]} 9. h3
{[%clk 1:31:12]} Ne7 {[%clk 1:15:11]} 10. Nbd2 {[%clk 1:31:11]} Ng6
{[%clk 1:14:07]} 11. d4 {[%clk 1:31:16]} h6 {[%clk 1:09:41]} 12. Bf1
{[%clk 1:24:37]} Re8 {[%clk 1:07:40]} 13. a5 {[%clk 1:17:19]} Bd7
{[%clk 0:58:02]} 14. b4 {[%clk 1:06:37]} Bc6 {[%clk 0:39:17]} 15. d5
{[%clk 0:59:58]} Bd7 {[%clk 0:39:25]} 16. c4 {[%clk 0:57:04]} Nf4
{[%clk 0:37:41]} 17. c5 {[%clk 0:42:26]} g5 {[%clk 0:27:55]} 18. Nc4
{[%clk 0:40:38]} Qe7 {[%clk 0:26:55]} 19. Be3 {[%clk 0:35:31]} Bb5
{[%clk 0:23:42]} 20. Rc1 {[%clk 0:32:42]} Nxe4 {[%clk 0:05:29]} 21. cxd6
{[%clk 0:28:03]} Nxd6 {[%clk 0:05:55]} 22. Bxf4 {[%clk 0:25:58]} gxf4
{[%clk 0:05:29]} 23. Ncxe5 {[%clk 0:23:50]} Bxf1 {[%clk 0:03:00]} 24. Kxf1
{[%clk 0:24:10]} Nb5 {[%clk 0:01:52]} 25. Qd2 {[%clk 0:23:08]} Qf6
{[%clk 0:01:34]} 26. Re4 {[%clk 0:21:23]} Qg7 {[%clk 0:00:33]} 27. Rxf4
{[%clk 0:21:14]} Rxe5 {[%clk 0:00:59]} 28. Rg4 {[%clk 0:21:30]} Rh5
{[%clk 0:00:48]} 29. Rxg7+ {[%clk 0:20:13]} Kxg7 {[%clk 0:01:16]} 30. g4
{[%clk 0:20:32]} Rxh3 {[%clk 0:01:30]} 31. Kg2 {[%clk 0:20:55]} Rxf3
{[%clk 0:01:56]} 32. Kxf3 {[%clk 0:21:22]} Rd8 {[%clk 0:02:21]} 33. g5
{[%clk 0:20:00]} Rd6 {[%clk 0:01:07]} 34. gxh6+ {[%clk 0:18:16]} 1-0

[Event "WCO 2016"]
[Site "?"]
[Date "2016.09.11"]
[Round "9"]
[Board "15"]
[WhiteID "13401653"]
[White "Mamedov Rauf"]
[BlackID "4147235"]
[Black "Tomashevsky Evgeny"]
[Result "1/2-1/2"]
[BlackElo "2731"]
[WhiteElo "2666"]
[LiveChessVersion "1.4.8"]

1. e4 {[%clk 1:30:56]} e5 {[%clk 1:30:53]} 2. Nf3 {[%clk 1:31:01]} Nc6
{[%clk 1:31:15]} 3. Bb5 {[%clk 1:31:01]} a6 {[%clk 1:31:11]} 4. Ba4
{[%clk 1:31:27]} Nf6 {[%clk 1:31:23]} 5. O-O {[%clk 1:31:47]} Be7
{[%clk 1:31:00]} 6. d3 {[%clk 1:31:20]} b5 {[%clk 1:29:20]} 7. Bb3
{[%clk 1:31:38]} d6 {[%clk 1:29:42]} 8. a3 {[%clk 1:32:03]} O-O {[%clk 1:28:06]}
9. Nc3 {[%clk 1:32:25]} Bg4 {[%clk 1:23:25]} 10. Be3 {[%clk 1:31:22]} Nd4
{[%clk 1:21:49]} 11. Bxd4 {[%clk 1:31:43]} exd4 {[%clk 1:22:14]} 12. Nd5
{[%clk 1:32:10]} Nd7 {[%clk 1:22:24]} 13. h3 {[%clk 1:32:18]} Bxf3
{[%clk 1:22:28]} 14. Qxf3 {[%clk 1:32:44]} c6 {[%clk 1:22:26]} 15. Nxe7+
{[%clk 1:32:52]} Qxe7 {[%clk 1:22:49]} 16. Qg3 {[%clk 1:33:19]} Rac8
{[%clk 1:22:29]} 17. f4 {[%clk 1:28:03]} c5 {[%clk 1:16:12]} 18. Ba2
{[%clk 1:28:13]} Nb6 {[%clk 1:06:53]} 19. Qf2 {[%clk 1:09:19]} Kh8
{[%clk 0:50:51]} 20. Rfe1 {[%clk 0:58:43]} Na4 {[%clk 0:37:41]} 21. Rab1
{[%clk 0:58:37]} Rce8 {[%clk 0:33:47]} 22. Bb3 {[%clk 0:56:07]} Nb6
{[%clk 0:32:20]} 23. Rbc1 {[%clk 0:47:09]} Qb7 {[%clk 0:28:59]} 24. Ba2
{[%clk 0:33:28]} Na4 {[%clk 0:22:37]} 25. c3 {[%clk 0:29:01]} dxc3
{[%clk 0:20:14]} 26. bxc3 {[%clk 0:29:24]} Qe7 {[%clk 0:14:36]} 27. Bb3
{[%clk 0:25:18]} Nb6 {[%clk 0:11:49]} 28. d4 {[%clk 0:23:37]} cxd4
{[%clk 0:11:12]} 29. Qxd4 {[%clk 0:19:50]} Nd7 {[%clk 0:10:21]} 30. Rcd1
{[%clk 0:16:30]} Nc5 {[%clk 0:10:45]} 31. Bd5 {[%clk 0:16:28]} Qc7
{[%clk 0:10:00]} 32. Re3 {[%clk 0:16:07]} Rd8 {[%clk 0:07:57]} 33. Rg3
{[%clk 0:13:17]} Ne6 {[%clk 0:07:21]} 34. Qd2 {[%clk 0:12:20]} Qc5+
{[%clk 0:06:23]} 35. Kh2 {[%clk 0:12:45]} Nc7 36. Qb2 {[%clk 0:05:15]} f6
{[%clk 0:05:13]} 37. Ba2 {[%clk 0:05:08]} Rfe8 {[%clk 0:04:54]} 38. Rd4
{[%clk 0:04:56]} Ne6 {[%clk 0:04:22]} 39. Bxe6 {[%clk 0:02:35]} Rxe6
{[%clk 0:04:51]} 40. Qb4 {[%clk 0:33:01]} Qc7 {[%clk 0:30:36]} 41. c4
{[%clk 0:27:11]} Qe7 {[%clk 0:13:02]} 42. cxb5 {[%clk 0:19:53]} axb5
{[%clk 0:13:27]} 43. Re3 {[%clk 0:19:30]} Qe8 {[%clk 0:11:24]} 44. Rd5
{[%clk 0:19:23]} h6 {[%clk 0:10:36]} 45. Qd4 {[%clk 0:09:31]} Qc6
{[%clk 0:07:53]} 46. Rc3 {[%clk 0:03:36]} Qe8 {[%clk 0:07:52]} 47. Re3
{[%clk 0:04:01]} Qc6 {[%clk 0:08:18]} 48. f5 {[%clk 0:04:06]} Re7
{[%clk 0:05:52]} 49. Rg3 {[%clk 0:01:24]} Qc4 {[%clk 0:04:43]} 50. Qb6
{[%clk 0:00:47]} Rg8 {[%clk 0:03:02]} 51. Rd4 {[%clk 0:00:54]} Qe2
{[%clk 0:01:27]} 52. Rxd6 {[%clk 0:00:59]} Qxe4 {[%clk 0:01:41]} 53. Qxb5
{[%clk 0:00:35]} Re5 {[%clk 0:02:06]} 54. Qd3 {[%clk 0:00:40]} Qxd3
{[%clk 0:02:11]} 55. Rgxd3 {[%clk 0:01:06]} Rxf5 {[%clk 0:02:36]} 56. Ra6
{[%clk 0:01:35]} Rc8 {[%clk 0:02:12]} 57. Rd2 {[%clk 0:00:59]} Rfc5
{[%clk 0:01:47]} 58. a4 {[%clk 0:01:22]} Rc2 {[%clk 0:02:12]} 59. Rad6
{[%clk 0:01:26]} R2c5 {[%clk 0:01:49]} 60. Rd8+ {[%clk 0:01:33]} Rxd8
{[%clk 0:02:12]} 61. Rxd8+ {[%clk 0:02:00]} Kh7 {[%clk 0:02:37]} 62. Rd3
{[%clk 0:02:11]} Ra5 {[%clk 0:01:55]} 63. Rd4 {[%clk 0:02:10]} Kg6
{[%clk 0:01:37]} 64. Kg3 {[%clk 0:02:28]} f5 {[%clk 0:01:19]} 65. Kf3
{[%clk 0:02:44]} Kf6 {[%clk 0:01:09]} 66. Ke3 {[%clk 0:03:01]} Ke5
{[%clk 0:00:50]} 67. Rb4 {[%clk 0:02:54]} Kd6 {[%clk 0:01:16]} 68. Kd4
{[%clk 0:01:45]} f4 {[%clk 0:00:47]} 69. Ke4 {[%clk 0:01:36]} g5 {[%clk 0:01:02]}
70. Kf3 {[%clk 0:01:04]} Ke7 {[%clk 0:00:31]} 71. Kg4 {[%clk 0:01:25]} Kf7
{[%clk 0:00:34]} 72. Kh5 {[%clk 0:01:34]} Kg7 {[%clk 0:00:34]} 73. Rb7+
{[%clk 0:01:51]} Kf6 {[%clk 0:00:55]} 74. Rb6+ {[%clk 0:02:17]} Kf7
{[%clk 0:00:53]} 75. Rb4 {[%clk 0:02:02]} Kg7 {[%clk 0:01:10]} 76. Rc4
{[%clk 0:01:32]} Ra7 {[%clk 0:01:15]} 77. h4 {[%clk 0:01:46]} Ra5
{[%clk 0:01:31]} 78. Rb4 {[%clk 0:01:56]} gxh4+ {[%clk 0:00:52]} 79. Kxh4
{[%clk 0:02:22]} Rc5 {[%clk 0:00:45]} 80. Rxf4 {[%clk 0:02:47]} Rc2
{[%clk 0:01:09]} 81. Rb4 {[%clk 0:01:30]} Kf6 {[%clk 0:00:35]} 82. g3
{[%clk 0:01:35]} Rh2+ {[%clk 0:00:38]} 83. Kg4 {[%clk 0:02:01]} h5+
{[%clk 0:01:03]} 84. Kf3 {[%clk 0:02:14]} Ra2 {[%clk 0:01:27]} 85. Rb6+
{[%clk 0:02:41]} Kf5 {[%clk 0:00:45]} 86. Rb5+ {[%clk 0:03:07]} Kg6
{[%clk 0:01:11]} 87. a5 {[%clk 0:02:32]} Ra4 {[%clk 0:01:33]} 88. Rb6+
{[%clk 0:02:00]} Kf5 {[%clk 0:01:48]} 89. a6 {[%clk 0:01:01]} Ra3+
{[%clk 0:02:09]} 90. Kf2 {[%clk 0:01:28]} Kg5 {[%clk 0:01:22]} 91. Ke2
{[%clk 0:01:23]} Kg4 {[%clk 0:01:08]} 92. Rg6+ {[%clk 0:01:48]} Kf5
{[%clk 0:01:33]} 93. Rd6 {[%clk 0:01:42]} Rxg3 {[%clk 0:01:03]} 94. Rd5+
{[%clk 0:01:42]} Ke6 {[%clk 0:01:17]} 95. Rxh5 {[%clk 0:01:50]} Ra3
{[%clk 0:01:03]} 96. Rh7 {[%clk 0:02:16]} Kd5 {[%clk 0:00:56]} 97. a7
{[%clk 0:02:43]} Kc6 {[%clk 0:01:22]} 98. Kd2 {[%clk 0:03:11]} Kb6
{[%clk 0:01:48]} 99. Kc2 {[%clk 0:03:39]} Rxa7 {[%clk 0:02:12]} 100. Rxa7 1/2-1/2

[Event "WCO 2016"]
[Site "?"]
[Date "2016.09.11"]
[Round "9"]
[Board "16"]
[WhiteID "4126025"]
[White "Grischuk Alexander"]
[BlackID "4650891"]
[Black "Naiditsch Arkadij"]
[Result "1-0"]
[BlackElo "2696"]
[WhiteElo "2754"]
[LiveChessVersion "1.4.8"]

1. e4 {[%clk 1:30:48]} e6 {[%clk 1:30:53]} 2. d4 {[%clk 1:27:41]} d5
{[%clk 1:31:16]} 3. Nc3 {[%clk 1:27:16]} Bb4 {[%clk 1:31:21]} 4. e5
{[%clk 1:27:41]} c5 {[%clk 1:31:41]} 5. a3 {[%clk 1:28:06]} Bxc3+
{[%clk 1:32:02]} 6. bxc3 {[%clk 1:28:31]} Ne7 {[%clk 1:32:24]} 7. a4
{[%clk 1:22:29]} Qc7 {[%clk 1:18:29]} 8. Nf3 {[%clk 1:18:25]} b6 {[%clk 1:18:40]}
9. Bb5+ {[%clk 1:11:01]} Bd7 {[%clk 1:18:55]} 10. Be2 {[%clk 1:06:56]} Nbc6
{[%clk 1:18:36]} 11. O-O {[%clk 1:06:03]} Na5 {[%clk 1:15:20]} 12. Re1
{[%clk 1:01:48]} h6 {[%clk 1:01:55]} 13. h4 {[%clk 0:52:12]} Rc8 {[%clk 0:45:38]}
14. Ba6 {[%clk 0:41:40]} Rb8 {[%clk 0:45:53]} 15. Bd3 {[%clk 0:41:28]} Bc6
{[%clk 0:39:06]} 16. h5 {[%clk 0:34:29]} c4 {[%clk 0:35:58]} 17. Bf1
{[%clk 0:34:47]} Qd7 {[%clk 0:36:15]} 18. Nh4 {[%clk 0:30:36]} Bxa4
{[%clk 0:36:00]} 19. Ra2 {[%clk 0:31:00]} b5 {[%clk 0:32:13]} 20. Qg4
{[%clk 0:31:09]} Rg8 {[%clk 0:31:53]} 21. Ba3 {[%clk 0:31:12]} Rb6
{[%clk 0:29:43]} 22. g3 {[%clk 0:28:14]} Nb7 {[%clk 0:28:54]} 23. Bh3
{[%clk 0:26:21]} Kd8 {[%clk 0:23:45]} 24. f4 {[%clk 0:22:51]} a5 {[%clk 0:16:35]}
25. Rb1 {[%clk 0:17:10]} b4 {[%clk 0:11:09]} 26. cxb4 {[%clk 0:16:43]} Nc6
{[%clk 0:07:59]} 27. f5 {[%clk 0:16:19]} Nxb4 {[%clk 0:05:56]} 28. fxe6
{[%clk 0:06:26]} fxe6 {[%clk 0:06:21]} 29. c3 {[%clk 0:06:16]} Bb3
{[%clk 0:05:09]} 30. Rf2 Nd3 {[%clk 0:01:54]} 31. Rf6 {[%clk 0:04:38]} Kc7
{[%clk 0:00:42]} 32. Rxe6 {[%clk 0:04:15]} Rxe6 {[%clk 0:00:47]} 33. Qxe6
{[%clk 0:04:41]} Qxe6 {[%clk 0:00:40]} 34. Bxe6 {[%clk 0:05:08]} Rd8
{[%clk 0:01:00]} 35. Nf5 {[%clk 0:04:37]} Bc2 {[%clk 0:01:28]} 36. Rb5
{[%clk 0:03:45]} Kc6 {[%clk 0:00:55]} 37. Rxd5 {[%clk 0:03:56]} Rxd5
{[%clk 0:00:43]} 38. Ne7+ {[%clk 0:04:20]} Kb5 {[%clk 0:01:03]} 39. Nxd5
{[%clk 0:03:41]} Ka4 {[%clk 0:00:49]} 40. Be7 {[%clk 0:33:20]} Kb3
{[%clk 0:30:55]} 41. Bc8 {[%clk 0:31:44]} 1-0